000 03477nam a2200289 a 4500
003 OSt
005 20251111111322.0
007 cr ||||||a|c|a
008 230511s2019 mx a|||fom||| 001 0 spa d
040 _erda
100 1 _9186968
_aVicente Rivera, Erica
245 1 0 _aAnatomía y fisiología de la semilla de tejoruco "Genipa americana L." de Guerrero /
_cpor Erica Vicente Rivera; director de tesis José Rico Cerda.
264 1 _aChapingo, México :
_bEl autor,
_c2019.
300 _a1 recurso en línea (105 páginas):
_bfiguras, cuadros.
336 _2rdacontent
_atexto
_btxt
337 _2rdamedia
_acomputadora
_bc
338 _2rdacarrier
_arecurso en línea
_bcr
502 _bIF
_cDICIFO
_d2019.
_gLIC
504 _aIncluye referencias bibliográficas: páginas 93-100.
520 _aSe realizó un estudio para describir la anatomía, estructura y evaluar la viabilidad y germinación de tejoruco, Genipa americana L., así como identificar en qué parte de la semilla se localiza el pigmento genipina, se usaron dos lotes de semillas, uno de Santa Cruz del Rincón, Malinaltepec y otro de Ocotito, Chilpancingo de los Bravo, ambos del estado de Guerrero, colectados el 26 de marzo y 8 de septiembre de 2018 respectivamente. Se realizaron análisis físicos como peso, pureza, contenido de humedad y pruebas de germinación. Esta última se realizó en una cámara de ambiente controlado con 12 horas de luz a 25°C y 12 horas de oscuridad con 20°C, el criterio utilizado fue el tamaño de la radícula. Los resultados obtenidos demuestran que la longevidad de la semilla fue variable, ya que se obtuvo una de germinación del 31.75% de Santa Cruz del Rincón y el 80.5% en aquellas provenientes de Ocotito. El fruto es una baya globosa con olor característico, la semilla presenta una cubierta protectora, delgada, color amarillo ocre y textura ligeramente rugosa. Se usaron colorantes para contrastar las estructuras y se elaboraron preparaciones permanentes y temporales por medio de técnicas histológicas. Para la tinción de las preparaciones estuvieron sumergidas en componentes para su desparafinación, hidratación y tinción en diferentes tiempos, el montaje permanente se realizó utilizando resina sintética y resguardado en un horno de convección a 45°C. Se hicieron observaciones de las preparaciones en microscopio de campo claro y también en un microscopio de fluorescencia, en ambos se identificó la testa, los tejidos nutricios como el endospermo y los cotiledones; se reconoció el embrión constituido por el eje primario o tallo embrionario, el epicótilo con la yema apical, el hipocótilo en contacto con la radícula. Con el objetivo de mayor aumento se observó la protodermis, el procambium, fases mitóticas y el sistema vascular primario. Las preparaciones para microscopía de fluorescencia fueron temporales y se utilizaron diferentes colorantes como Naranja G y Rodamina 6G. Fueron observadas mediante el filtro verde del microscopio de fluorescencia compuesto, se identificó que el pigmento genipina se encuentra en el endospermo, en las zonas cercanas a la cubierta seminal.
650 0 _aGenipa americana L.
_9186969
650 4 _9103902
_aSemillas
_xFisiología y morfología
650 4 _9103933
_aSemillas
_xViabilidad
700 1 _997321
_aRico Cerda, José
_edirector.
856 _uhttp://10.13.5.2/tesis/tl/Vicente_Rivera_Erica.pdf
_zDESCARGAR PDF
942 _2Clasificación Universidad Autónoma Chapingo
_cTD
999 _c218725
_d218725